Rozvoj podnikateľských aktivít v pohostinných systémoch spoločného stravovania, možnosti ich vzájomnej kooperácie a rastu efektívnosti

Gespeichert in:
Bibliographische Detailangaben
1. Verfasser: Veszprémi Sirotková, Anna, 1966-
Format: Buchkapitel
Sprache:Slowakisch
Tags: Tag hinzufügen
Keine Tags, Fügen Sie das erste Tag hinzu!

MARC

LEADER 00000naa$a2200000$$$4500
001 0062242
005 20240502071712.3
041 0 |a slo 
044 |a SK 
245 1 0 |a Rozvoj podnikateľských aktivít v pohostinných systémoch spoločného stravovania, možnosti ich vzájomnej kooperácie a rastu efektívnosti  |c Anna Sirotková 
100 1 |a Veszprémi Sirotková, Anna, 1966-